| 000 | 00909nam a2200229Ia 4500 | ||
|---|---|---|---|
| 003 | Ost | ||
| 005 | 20260507075400.0 | ||
| 008 | 260507s9999||||xx |||||||||||||| ||und|| | ||
| 020 | _a64751999579 | ||
| 040 | _cfsecg | ||
| 041 | _aara | ||
| 082 | _a600 | ||
| 100 |
_aعواد، حسام _eمؤلف |
||
| 245 | 0 |
_aالمحاسبة المحوسبة / _c حسام عواد |
|
| 260 |
_aعمان: _bدار الخليج للنشر والتوزيع, _c2014 |
||
| 300 |
_a212 صفحة؛ _bإيضاحات ؛ _c25 سم |
||
| 520 | _aالمحاسبة المحوسبة في المؤسسات التجارية ، دورة المشتريات والمدفوعات المحوسبة، دورة المبيعات والمقبوضات والتقارير الختامية | ||
| 653 | _aالمحاسبة | ||
| 653 | _aالمحاسبة الآلية | ||
| 653 | _aالمحاسبة الإلكترونية | ||
| 942 | _cكتاب | ||
| 999 |
_c44267 _d44267 |
||